| 000 | 00535nam a2200193 a 4500 | ||
|---|---|---|---|
| 001 | 1759829359741 | ||
| 003 | YourLibrary | ||
| 005 | 20251007151347.0 | ||
| 008 | 251007s1990##################000#0#eng## | ||
| 020 | _a9780485113990 | ||
| 082 | 0 | 4 |
_a174.4071 _bMAH |
| 100 | 1 |
_aMahoney, John, _eauthor. |
|
| 245 | 1 | 0 | _aTeaching Business Ethics in the UK, Europe, and the USA : |
| 260 |
_bBurns & Oates, _c1990. |
||
| 300 | _a232 pages | ||
| 650 | 0 | _aBusiness & Economics. | |
| 942 | _cENGLISH | ||
| 040 |
_aYourLibrary _beng _cYourLibrary |
||
| 999 |
_c591185 _d591185 |
||